000 00689nam a2200253Ia 4500
003 OSt
005 20220918105837.0
006 a|||||r|||| 00| 0
007 ta
008 220915b |||||||| |||| 00| 0 eng d
024 _a115557
037 _cReference Collections
040 _aARTS
_cARTS
_beng
041 _2eng
_aeng
082 _aV44Q743.N9, N6(RR)
100 _aLari Y
_94374
245 0 _aDual city karachi during the Raj
260 _aKarachi
_bHeritage
_c1996
300 _axi, 353p.
650 _aHISTORY
700 _a Lari M S
_94375
942 _hV44Q743.N9, N6(RR)
_cREF
999 _c109850
_d109850